| 000 | 00000nam##2200000za#4500 |
| 001 | 9.695816 |
| 003 | CaOODSP |
| 005 | 20210624234740 |
| 007 | cr ||||||||||| |
| 008 | 150407|1990||||xxc|||||o f|0| 0 eng|d |
| 040 | |aCaOODSP|beng |
| 043 | |an-cn--- |
| 086 | 1 |aH42-2/43-1990E-PDF |
| 110 | 1 |aCanada.|bHealth and Welfare Canada. |bHealth Protection Branch. |
| 245 | 10|aAttitudes, perceptions and behaviour relating to ethical medicines : |h[electronic resource]|ba research report to the Department of National Health and Welfare / |cby Decima Research. |
| 260 | |aOttawa - Ontario : |bHealth and Welfare Canada. |cc1990. |
| 300 | |a55p.|bgraphs, tables |
| 500 | |aThe catalogue number (H42-2/43-1990) and ISBN (O-662-57888-O) for the bilingual print edition have been incorrectly copied in this electronic publication. |
| 590 | |a12-17-Supp|b2012-04-20 |
| 690 | 07|aDrugs|2gcpds |
| 690 | 07|aEthics|2gcpds |
| 710 | 2 |aDecima Research. |
| 775 | 08|tAttitudes, perceptions et comportements liés à la consommation de médicaments d'ordonnance : |w(CaOODSP)9.639908 |
| 776 | 0#|tAttitudes, perceptions and behaviour relating to ethical medicines : |w(CaOODSP)9.654661 |
| 776 | 0#|tAttitudes, perceptions et comportements liés à la consommation de médicaments d'ordonnance : |w(CaOODSP)9.654662 |
| 856 | 40|ahttp://publications.gc.ca|qPDF|s293 KB|uhttps://publications.gc.ca/collections/Collection/H42-2-43-1990E.pdf |